| 000 | 00828nam a22002057a 4500 | ||
|---|---|---|---|
| 999 |
_c1711 _d1711 |
||
| 003 | AR-CdUCM | ||
| 008 | 190227b ||||| |||| 00| 0 spa d | ||
| 040 |
_aMUNICIPALIDAD PROVINCIAL DEL CUSCO _cBIBLIOTECA MUNICIPAL DEL CUSCO |
||
| 082 |
_a321.4 / _bE31 |
||
| 100 |
_aEguiguren P, Francisco _96328 |
||
| 245 |
_aLa constitución Peruana de 1979 : _by sus problemas de aplicación / |
||
| 260 |
_aLima : _bCultural Cuzco , _c1987 |
||
| 300 |
_a776 páginas ; _c21 cm. |
||
| 505 | _aConstitución peruana -- Derechos humanos -- Libertad física -- Orientaciones conceptuales y metodologías -- la constitución peruana y la libertad física... | ||
| 650 |
_aConstitución peruana. _96329 |
||
| 650 |
_aDerechos Humanos. _93264 |
||
| 650 |
_aAdministración de justicia. _96330 |
||
| 942 |
_2ddc _cLIBROS |
||
| 945 |
_awfj _d2019-02-27 |
||